00689nam a2200169 a 450000100100000000500170001000800410002704000250006811000570009324500260015026000570017630000440023304900090027795201050028695201110039199900170050200003192620220823125740.0110405s1977 dr acd 000 0 spa d aDO-SdBNPbspacBNPHU2 aBanco de Reservas de la República Dominicana9628510aInforme anual 1977 /. cSanto Domingo :bBanco de Reservas,c[1977].fLainfo a53 p. :bil., gráf., retrs. ;c28 cm. aBNPD 0010718PDaPDbPDcCTd2011-07-07iLF1l0o p31926-10r2020-06-25w2020-06-25yLFPDZNo se presta 0010718PDaPDbPDcCTd2011-07-07iLF1l0o p31926-20r2020-06-25te. 2w2020-06-25yLFPDZNo se presta c31417d31417